El fresado de los metales / (Record no. 150665)

MARC details
000 -LEADER
campo de control de longitud fija 00671nam a2200205 i 4500
001 - NÚMERO DE CONTROL
campo de control 150665
003 - IDENTIFICADOR DE NÚMERO DE CONTROL
campo de control ES-MaACL
005 - FECHA Y HORA DE LA ÚLTIMA TRANSACCIÓN
campo de control 20230906203628.0
007 - CAMPO FIJO DE DESCRIPCIÓN FÍSICA--INFORMACIÓN GENERAL
campo de control de longitud fija t|
008 - DATOS DE LONGITUD FIJA--INFORMACIÓN GENERAL
campo de control de longitud fija 071105s1960 sp ||||1| spa d
100 1# - ENTRADA PRINCIPAL--NOMBRE DE PERSONA
Nombre de persona Dournier, A.
9 (RLIN) 45512
245 13 - MENCIÓN DEL TÍTULO
Título El fresado de los metales /
Mención de responsabilidad, etc. por A. Dournier... y P. Saget.
260 ## - PUBLICACIÓN, DISTRIBUCIÓN, ETC.
Lugar de publicación, distribución, etc. Madrid :
Nombre del editor, distribuidor, etc. Técnicos Especialistas Asociados,
Fecha de publicación, distribución, etc. [1960?]
300 ## - DESCRIPCIÓN FÍSICA
Extensión 55 p. ;
Dimensiones 27 cm.
490 1# - MENCIÓN DE SERIE
Mención de serie Tecnologia de las fabricaciones mecánicas ;
Designación de volumen o secuencia fasc. 4
700 1# - ENTRADA AGREGADA--NOMBRE PERSONAL
Nombre de persona Saget, P.
9 (RLIN) 101436
830 0# - PUNTO DE ACCESO ADICIONAL DE SERIE-TÍTULO UNIFORME
Título uniforme Tecnologia de las fabricaciones mecánicas ;
Designación de volumen o secuencia fasc. 4
9 (RLIN) 187621
852 ## - LOCALIZACIÓN
Ubicación ES-MaACL
Número de control de estantería 1678-F-18
Sublocalización o colección R.40816
Holdings
Estatus retirado Estado de pérdida Estado de daño No para préstamo Colección Biblioteca de origen Biblioteca actual Ubicación en estantería Fecha de adquisición Fuente de adquisición Total de préstamos Signatura topográfica completa Código de barras Visto por última vez Precio de reemplazo Tipo de ítem Koha
        Colección de folletos Biblioteca del Ateneo de Madrid Biblioteca del Ateneo de Madrid Depósito folletos 17/01/2008     1678-F-18 1157211 23/02/2023 23/02/2023 Folleto